Aladdin and his magical lamp

Bibliographic Details
Other Authors: Daynes, Katie, Mounter, Paddy
Format: Book
Published: India : Usborne , 2004
Series:Usborne young reading:Series One
Subjects:

MARC

LEADER 00000cam a2200000 7i4500
001 0000002698
005 20220105103937.0
008 070713
020 |a 0746057709 
090 0 0 |a JP   |b AD ENG (2428) 
245 1 0 |a Aladdin and his magical lamp   |c Retold by Katie Daynes;llustrated by Paddy Mounter 
260 |a India :   |b Usborne ,   |c 2004 
440 |a Usborne young reading:Series One 
500 |a Children age 4-6 years old (yellow) 
650 0 |a Adventure   |x Fiction 
700 0 |a Daynes, Katie 
700 0 |a Mounter, Paddy 
999 |a 0000966098   |b Book   |c Children Collection   |e Perbadanan Perpustakaan Awam Johor 
999 |a 0000966099   |b Book   |c Children Collection   |e Perbadanan Perpustakaan Awam Johor 
999 |a 0000966100   |b Book   |c Children Collection   |e Perbadanan Perpustakaan Awam Johor 
999 |a 0001147249   |b Book   |c Children Collection   |e Cawangan Tmn. Ungku Tun Aminah